000 00371nam a2200145Ia 4500
008 230711s9999||||xx |||||||||||||| ||und||
041 _aENG
082 _a621
_bTH-B
100 _aThompson,Robert G
245 0 _aBasic modular approach
250 _a2nd
260 _c1986
_aNew Delhi
_bCBS Publishers & Distributors Pvt.Ltd
650 _aGENERAL ENGINEERING
942 _cBK
999 _c1291
_d1291